00325nam a2200133Ia 45000030006000000080041000060400015000471000044000622450025001062500011001312600020001425460012001620050017001740STCL150530s9999 xx 000 0 und d aSTCLcSTCL aHegner Robert, W.; Engemann Joseph, G.. aInvertebrate zoology aSecond bMacmillanc1969 aEnglish20220125170456.0